Coptic Christianity in Ottoman Egypt / (Record no. 16456)
[ view plain ]
| 000 -LEADER | |
|---|---|
| fixed length control field | 01521cam a22002894a 4500 |
| 001 - CONTROL NUMBER | |
| control field | 16207160 |
| 005 - DATE AND TIME OF LATEST TRANSACTION | |
| control field | 20110516163816.0 |
| 008 - FIXED-LENGTH DATA ELEMENTS--GENERAL INFORMATION | |
| fixed length control field | 100428s2011 enkb b 001 0 eng |
| 020 ## - INTERNATIONAL STANDARD BOOK NUMBER | |
| International Standard Book Number | 9780199744848 (alk. paper) |
| 020 ## - INTERNATIONAL STANDARD BOOK NUMBER | |
| International Standard Book Number | 019974484X (alk. paper) |
| 035 ## - SYSTEM CONTROL NUMBER | |
| System control number | (OCoLC)ocn611553075 |
| 040 ## - CATALOGING SOURCE | |
| Original cataloging agency | DLC |
| Transcribing agency | DLC |
| Modifying agency | YDX |
| -- | YDXCP |
| -- | NLGGC |
| -- | BWX |
| -- | MNJ |
| -- | CDX |
| -- | IUL |
| -- | DLC |
| 082 00 - DEWEY DECIMAL CLASSIFICATION NUMBER | |
| Classification number | 281.720962 |
| Edition number | 22 |
| Item number | ARM |
| 100 1# - MAIN ENTRY--PERSONAL NAME | |
| Personal name | Armanios, Febe, |
| Dates associated with a name | 1974- |
| 9 (RLIN) | 28870 |
| 245 10 - TITLE STATEMENT | |
| Title | Coptic Christianity in Ottoman Egypt / |
| Statement of responsibility, etc | Febe Armanios. |
| 260 ## - PUBLICATION, DISTRIBUTION, ETC. (IMPRINT) | |
| Place of publication, distribution, etc | Oxford ; |
| -- | New York : |
| Name of publisher, distributor, etc | Oxford University Press, |
| Date of publication, distribution, etc | 2011. |
| 300 ## - PHYSICAL DESCRIPTION | |
| Extent | ix, 254 p. : |
| Other physical details | map ; |
| Dimensions | 24 cm. |
| 504 ## - BIBLIOGRAPHY, ETC. NOTE | |
| Bibliography, etc | Includes bibliographical references (p. [155]-243) and index. |
| 505 0# - FORMATTED CONTENTS NOTE | |
| Formatted contents note | Locating Copts in Ottoman history -- Championing a communal ethos : the neo-martyrdom of St. Salib in the sixteenth century -- A female martyr cult in the Nile Delta : Dimyana and the forty virgins -- The miracle of pilgrimage : a journey to Jerusalem in the early eighteenth century -- Weapons of the faithful : defining orthodoxy through sermons. |
| 610 20 - SUBJECT ADDED ENTRY--CORPORATE NAME | |
| Corporate name or jurisdiction name as entry element | Coptic Church |
| General subdivision | History. |
| 9 (RLIN) | 28871 |
| 651 #0 - SUBJECT ADDED ENTRY--GEOGRAPHIC NAME | |
| Geographic name | Egypt |
| General subdivision | Church history. |
| 9 (RLIN) | 28872 |
| 651 #0 - SUBJECT ADDED ENTRY--GEOGRAPHIC NAME | |
| Geographic name | Turkey |
| General subdivision | History |
| Chronological subdivision | Ottoman Empire, 1288-1918. |
| 9 (RLIN) | 28873 |
| 653 ## - INDEX TERM--UNCONTROLLED | |
| Resource For college | |
| Arrived date list | February2012 |
| 942 ## - ADDED ENTRY ELEMENTS (KOHA) | |
| Source of classification or shelving scheme | Dewey Decimal Classification |
| Item type | Book - Borrowing |
| Withdrawn status | Item status | Source of classification or shelving scheme | Damaged status | Not for loan | Vendor | Home library | Current library | Shelving location | Date acquired | Source of acquisition | Cost, normal purchase price | Serial Enumeration / chronology | Total Checkouts | Full call number | Barcode | Date last seen | Koha item type |
|---|---|---|---|---|---|---|---|---|---|---|---|---|---|---|---|---|---|
| Dewey Decimal Classification | MERIC | Central Library | Central Library | Lower Floor | 13/02/2012 | 540.00 | 13168 | 281.720962 ARM | 000026107 | 15/07/2025 | Book - Borrowing |